000 00888nam a2200289Ia 4500
003 GCL
008 140319s9999 xx 000 0 ara d
040 _aGCL /
_cGCL
082 0 4 _a362.732
_bع ع
100 1 _aعلى قائمى
245 1 0 _aعلم النفس وتربية الايتام /
_cعلى قائمى
250 _aالاولى
260 _aبيروت :
_bدار البلاغة ،
_c2001
300 _a382 ص ؛
_c24 سمن
650 0 4 _aالاسرة
650 0 4 _aالاطفال
650 0 4 _aالموت
650 0 4 _aالاستقلال
650 0 4 _aالحرية
650 0 4 _aالاسرة فى الاسلام
650 0 4 _aالانحراف
650 0 4 _aالاسرة - تفكك
650 0 4 _aالاطفال - تربية
650 0 4 _aالاطفال المعوقون
650 0 4 _aالحاجات التلقائية (علم النفس)
942 _2ddc
_cBK
999 _c5524
_d5524